000 00356 a2200133 4500
000 nam a22 7a 4500
100 _aAhlawat, Umesh Kumar
110 _aAhlawat, Umesh Kumar
245 _aPhysical Education and Sports Science
250 _aLatest edition
260 _bKhel Sahitya Kendra
_c2024
264 _bKhel Sahitya Kendra
_c2024
942 _cBK
999 _c393776
_d393776